| 000 | 01235nam2a22003011 4500 | ||
|---|---|---|---|
| 001 | rc\4047558 | ||
| 005 | 20200818133154.0 | ||
| 021 |
_aRU _b[54-40250] |
||
| 021 |
_aRU _b[54-40247] |
||
| 035 | _a(NLR Aleph) 008103782 | ||
| 090 |
_a9260696 _c9260696 |
||
| 100 | _a20130415d1954 |||y0rusy50 ca | ||
| 101 | 0 | _arus | |
| 102 | _aRU | ||
| 105 | _aa z ||||| | ||
| 200 | 1 |
_aОборудование для эксплуатации скважин _f[Сост. А.И. Стуруа, Н.Е. Морозов] _hРаздел 1 _iСтанки-качалки. Вып. 1. СКН2-615 |
|
| 210 | _d1954 | ||
| 215 |
_a28 с. _cил. |
||
| 461 | 0 |
_1001rc\4047533 _12001#$aЗапасные части к нефтяному оборудованию$eКаталог$fМ-во нефт. пром-сти. Гос. союзный трест "Союзнефтебурмашремонт"$vЧ. 3 |
|
| 606 |
_aНефтепромысловое оборудование _xЗапасные части _jКаталоги (ч. 3) _2psbo |
||
| 702 | 1 |
_aСтуруа _bА. И. _4220 |
|
| 702 | 1 |
_aМорозов _bН. Е. _4220 |
|
| 801 | 0 |
_aRU _bNLR _gpsbo |
|
| 801 | 1 |
_aRU _bELAR _2rusmarc |
|
| 852 |
_aNLR _jПт 26.1/17 |
||
| 942 | _cBOOK | ||
| 980 | _aNB | ||